Statistics for Correct The Spelling (Easy)

Click here to take the quiz!

General Stats

  • This quiz has been taken 176 times
  • The average score is 14 of 15

Answer Stats

HintsAnswer% Correct
DoggDog
99%
EesyEasy
99%
JettJet
99%
LitleLittle
99%
SoopSoup
99%
YungYoung
99%
BurdBird
98%
HartHeart
98%
PaiddPaid
98%
AlfabetAlphabet
97%
BinnBin
97%
VacatoinVacation
96%
PeesPeas
95%
MaizMaze
87%
LukLuck
86%

Score Distribution

Percentile by Number Answered

Percent of People with Each Score

Your Score History

You have not taken this quiz